|
|
|
|
| LEADER |
00000nam0a2200000 4500 |
| 001 |
63696 |
| 005 |
20231101212101.0 |
| 035 |
|
|
|a (RuTPU)RU\TPU\book\67595
|
| 090 |
|
|
|a 63696
|
| 100 |
|
|
|a 20040519d2005 m y0rusy50 ca
|
| 101 |
0 |
|
|a rus
|
| 102 |
|
|
|a RU
|
| 105 |
|
|
|a y j 001zy
|
| 200 |
1 |
|
|a Анализ и диагностика финансово-хозяйственной деятельности предприятия
|e учебное пособие
|f М. Н. Трофимова
|g Томский политехнический университет
|
| 210 |
|
|
|a Томск
|c Изд-во ТПУ
|d 2005
|
| 215 |
|
|
|a 139 с.
|
| 320 |
|
|
|a Библиогр.: с. 137.
|
| 330 |
|
|
|a Учебное пособие по курсу «Анализ и диагностика финансово-хозяйственной деятельности предприятия» составлено в соответствии с требованиями и программой Государственного образовательного стандарта. В пособии изложены сущность, задачи и методы анализа и диагностики деятельности предприятия. В первой части подробно представлены вопросы финансового анализа: платежеспособности, финансовой устойчивости предприятия, прибыли и рентабельности, прогнозирования банкротства предприятия. Отражается опыт анализа финансовой деятельности предприятий зарубежных стран. Во второй части излагается методика комплексного анализа деловой активности предприятия и себестоимости продукции. Пособие предназначено для студентов, обучающихся по специальностям 080502 «Экономика и управление на предприятии» Института дистанционного образования.
|
| 606 |
1 |
|
|a Анализ хозяйственной деятельности
|2 stltpush
|3 (RuTPU)RU\TPU\subj\35844
|9 57416
|
| 610 |
1 |
|
|a экономика
|
| 610 |
1 |
|
|a экономический анализ
|
| 610 |
1 |
|
|a хозяйственная деятельность
|
| 610 |
1 |
|
|a финансовая деятельность
|
| 610 |
1 |
|
|a предприятия
|
| 610 |
1 |
|
|a диагностика
|
| 610 |
1 |
|
|a бухгалтерская отчетность
|
| 610 |
1 |
|
|a платежеспособность
|
| 610 |
1 |
|
|a финансовая устойчивость
|
| 610 |
1 |
|
|a доходность
|
| 610 |
1 |
|
|a денежные средства
|
| 610 |
1 |
|
|a движение
|
| 610 |
1 |
|
|a неплатежеспособность
|
| 610 |
1 |
|
|a продукция
|
| 610 |
1 |
|
|a реализация
|
| 610 |
1 |
|
|a материальные ресурсы
|
| 610 |
1 |
|
|a трудовые ресурсы
|
| 610 |
1 |
|
|a использование
|
| 610 |
1 |
|
|a основные средства
|
| 610 |
1 |
|
|a себестоимость
|
| 610 |
1 |
|
|a дистанционное образование
|
| 610 |
1 |
|
|a учебные пособия
|
| 686 |
|
|
|a У053я73
|v LBC/SL-A
|2 rubbk
|
| 700 |
|
1 |
|a Трофимова
|b М. Н.
|g Маргарита Николаевна
|
| 712 |
0 |
2 |
|a Томский политехнический университет
|2 stltpush
|3 (RuTPU)RU\TPU\col\376
|
| 801 |
|
1 |
|a RU
|b 63413507
|c 20040519
|g PSBO
|
| 801 |
|
2 |
|a RU
|b 63413507
|c 20221003
|g PSBO
|
| 942 |
|
|
|c BK
|